[Event "NOR-ch Youth 2019"]
[Site "Skien"]
[Date "2019.11.08"]
[Round "2.5"]
[White "Fossan, Aleksander"]
[Black "Opseth, Oliver"]
[Result "1-0"]
[WhiteElo "2179"]
[BlackElo "1795"]
[Annotator "TA"]
[PlyCount "117"]
[EventDate "2019.11.08"]
[EventType "swiss"]
[EventCountry "NOR"]
[SourceTitle "playchess.com"]
[Source "ChessBase"]
[SourceQuality "1"]

{[%evp 10,117,84,81,76,40,52,41,47,26,29,29,54,22,90,100,88,94,95,77,79,62,82,64,66,57,122,102,129,110,142,119,115,116,127,134,156,137,237,50,66,62,47,55,54,59,59,42,48,45,49,35,32,19,58,10,10,16,26,18,29,25,35,41,39,35,41,31,99,97,91,97,130,118,523,524,508,516,504,496,495,477,433,416,754,613,1337,1273,1202,1152,4133,1743,29953,6610,29973,6095,29978,29980,29983,29984,29983,0,29978,29979,29979,29980,29987,29988,29989,29990]} 1. e4 e5 2. Nf3 d5 3. exd5 e4 4. Qe2 Nf6 5. Nc3 Be7 6. Nxe4 O-O {C40: Latvian and Elephant Gambits} 7. d3 Nxd5 8. c4 (8. Qd1 Nc6 9. Be2 Bf5 10. O-O Qd7 11. Bd2 Rfe8 12. c3 Rad8 13. Qc2 Nf6 14. Rad1 {1-0 (65) Movsesian,S (2721)-Vachier Lagrave,M (2703) Moscow 2010}) 8... Nf6 $146 {White is slightly better.} ({Predecessor:} 8... Bb4+ 9. Bd2 Nf4 10. Qe3 Bxd2+ 11. Qxd2 f5 12. Qxf4 fxe4 13. Qxe4 Re8 14. Ne5 {1-0 (40) Aguettaz,M (2300)-Flindt,T (2170) Stockholm 2007}) 9. Qc2 Nc6 10. Be2 Bf5 11. a3 Nd4 (11... Nxe4 $11 {remains equal.} 12. dxe4 Bg6) 12. Nxd4 $16 Qxd4 13. Be3 Qe5 {[%cal Rf6e4]} 14. Ng3 Bg6 15. O-O h5 16. Bf3 Rad8 17. Rad1 c5 (17... Ng4 $14) 18. Rfe1 h4 19. Nf1 Qf5 20. Qb3 b6 21. d4 Bh5 22. Bxh5 Qxh5 23. dxc5 h3 (23... Bxc5 $16 24. h3 a5 25. Bxc5 Qxc5) 24. Bf4 $2 ({White should try} 24. cxb6 $18 hxg2 25. Kxg2 axb6 26. Ng3 (26. Bxb6 Qg4+ 27. Ng3 Rxd1 $18)) 24... Bxc5 25. Rxd8 Rxd8 26. Qxh3 Qxh3 27. gxh3 Rd4 28. Be5 Rxc4 29. Bxf6 gxf6 $14 {[%mdl 4096] Endgame KRB-KRN} 30. Ne3 Re4 31. Kg2 Kh7 32. Nc2 Rc4 33. Re2 Kg6 34. Ne1 Rd4 35. Nf3 Rd8 36. b4 Bf8 37. Rd2 Rc8 38. Rd3 Bh6 ({Better is} 38... a5 $14) 39. Nh4+ $16 Kh5 40. Nf5 Bf4 41. Rd7 Rc7 $2 {[%mdl 8192]} (41... Kg5 $16 {is a better chance.}) 42. Rxc7 $18 Bxc7 {[#] KB-KN} 43. b5 $1 Kg5 {[#]} 44. Nd4 $1 Kf4 45. Nc6 Ke4 46. Nxa7 Kd4 (46... Kf5 $142 47. Nc6 Ke4) 47. h4 Kc5 48. h5 Bf4 49. Kf3 Bxh2 50. Ke4 (50. h6 $142 f5 51. Nc6 Kxb5 52. h7 Kxc6 53. h8=Q) 50... f5+ 51. Kxf5 Bg1 52. f4 (52. h6 $142 Bxf2 53. Nc6 Kxb5 54. Ne5 Bc5 55. h7 f6 56. Kxf6 Bxa3 57. h8=Q) 52... Kc4 53. Kf6 Kd4 54. Nc6+ Kc5 55. Na7 $2 (55. h6 {mates} Kxb5 56. Ne5 Kc5 57. h7 b5 58. h8=Q Kb6 59. Qb8+ Ka5 60. Qc7+ {[%mdl 64] Double Attack} Ka4 61. Qc3) 55... Kd5 $2 {[%mdl 8192]} (55... Kd4 $11 56. Nc6+ Kc4) 56. Kxf7 {White mates.} Ke4 57. Nc6 Kxf4 58. h6 Bh2 59. h7 {Accuracy: White = 58%, Black = 27%.} 1-0

[Event "NOR-ch Youth 2019"]
[Site "Skien"]
[Date "2019.11.08"]
[Round "2.6"]
[White "Hestvik, Elias"]
[Black "Rosendahl, Guttorm"]
[Result "1-0"]
[WhiteElo "1784"]
[BlackElo "1436"]
[Annotator "NA RC"]
[PlyCount "81"]
[EventDate "2019.11.08"]
[EventType "swiss"]
[EventCountry "NOR"]
[SourceTitle "playchess.com"]
[Source "ChessBase"]
[SourceQuality "1"]
[TimeControl "2400+10"]

1. c4 {[%emt 0:00:00]} c5 {[%emt 0:00:02]} 2. Nc3 {[%emt 0:00:02]} Nf6 {[%emt 0:00:12]} 3. g3 {[%emt 0:00:38]} e6 {[%emt 0:00:53]} 4. Bg2 {[%emt 0:00:37]} d5 {[%emt 0:01:01]} 5. cxd5 {[%emt 0:01:30]} Nxd5 {[%emt 0:01:14]} 6. Nf3 {[%emt 0:00:51]} Nc6 {[%emt 0:00:50]} 7. d4 {[%emt 0:03:04]} cxd4 {[%emt 0:01:42]} 8. Nxd4 {[%emt 0:00:13]} Nxc3 {[%emt 0:00:13]} 9. bxc3 {[%emt 0:01:46]} Nxd4 {[%emt 0:01:27]} 10. Qxd4 {[%emt 0:00:29]} Qxd4 {[%emt 0:00:41]} 11. cxd4 {[%emt 0:00:02]} Bb4+ {[%emt 0:00:09]} 12. Bd2 {[%emt 0:00:23]} Bxd2+ {[%emt 0:00:03]} 13. Kxd2 {[%emt 0:00:02]} Rb8 {[%emt 0:00:21]} 14. Rhc1 {[%emt 0:00:57]} Kd7 {[%emt 0:09:03]} 15. Rc3 {[%emt 0:01:27]} Kd6 {[%emt 0:02:40]} 16. Rac1 {[%emt 0:00:53]} Bd7 {[%emt 0:01:01]} 17. Rc7 {[%emt 0:02:55]} Bc6 {[%emt 0:01:14]} 18. R7xc6+ {[%emt 0:03:59]} bxc6 {[%emt 0:00:12]} 19. Rxc6+ {[%emt 0:00:01]} Kd7 {[%emt 0:00:27]} 20. Ra6 {[%emt 0:00:02]} Rhc8 {[%emt 0:02:29]} 21. Rxa7+ {[%emt 0:00:32]} Rc7 {[%emt 0:00:02]} 22. Rxc7+ {[%emt 0:00:55]} Kxc7 {[%emt 0:00:04]} 23. Kc2 {[%emt 0:04:21]} Rb5 {[%emt 0:03:25]} 24. Be4 {[%emt 0:02:43]} Rb8 {[%emt 0:03:01]} 25. Kc3 {[%emt 0:03:25]} Rc8 {[%emt 0:01:19]} 26. a4 {[%emt 0:03:04]} Kb6+ {[%emt 0:00:56]} 27. Kb4 {[%emt 0:00:07]} Rb8 {[%emt 0:01:10]} 28. Bd3 {[%emt 0:03:42]} Ra8 {[%emt 0:03:57]} 29. Bb5 {[%emt 0:00:54]} Rc8 {[%emt 0:01:25]} 30. Bc4 {[%emt 0:01:12]} Ra8 {[%emt 0:01:37]} 31. e4 {[%emt 0:02:27]} Rc8 {[%emt 0:01:09]} 32. a5+ {[%emt 0:00:34]} Ka7 {[%emt 0:00:09]} 33. d5 {[%emt 0:00:39]} exd5 {[%emt 0:00:10]} 34. exd5 {[%emt 0:00:14]} f6 {[%emt 0:00:25]} 35. Bb5 {[%emt 0:00:35]} Rc1 {[%emt 0:00:28]} 36. d6 {[%emt 0:00:13]} Rb1+ {[%emt 0:00:33]} 37. Kc5 {[%emt 0:00:08]} Rc1+ {[%emt 0:00:10]} 38. Kd5 {[%emt 0:00:27]} Rd1+ {[%emt 0:00:04]} 39. Ke6 {[%emt 0:00:11]} Kb7 {[%emt 0:00:18]} 40. Kd7 {[%emt 0:00:10]} Rd5 {[%emt 0:00:07]} 41. Bc6+ {[%emt 0:00:01]} 1-0

[Event "NOR-ch Youth 2019"]
[Site "Skien"]
[Date "2019.11.08"]
[Round "2.7"]
[White "Sjoberg, Isak"]
[Black "Skaslien, Ingrid"]
[Result "1-0"]
[WhiteElo "2247"]
[BlackElo "1757"]
[Annotator "TA"]
[PlyCount "43"]
[EventDate "2019.11.08"]
[EventType "swiss"]
[EventCountry "NOR"]
[SourceTitle "playchess.com"]
[Source "ChessBase"]
[SourceQuality "1"]

{[%evp 15,43,14,46,0,0,0,0,0,0,0,61,64,48,27,27,40,50,0,16,-161,67,60,58,51,55,82,77,80,1243,1035]} 1. e4 e6 2. d4 d5 3. Nd2 a6 4. Ngf3 c5 5. exd5 exd5 6. dxc5 Bxc5 7. Nb3 Bb6 8. Bd3 Nf6 9. O-O {C08: French Tarrasch: 3...c5 4 exd5 exd5 sidelines} (9. Qe2+ Qe7 10. Qxe7+ Kxe7 11. Bg5 h6 12. Bh4 Nc6 13. O-O-O g5 14. Bg3 Be6 15. Ne5 Nh5 16. Nxc6+ bxc6 {½-½ (52) Pavlidis,A (2539)-Piorun,K (2651) Katowice 2017}) 9... O-O 10. Bg5 h6 11. Bh4 {The position is equal.} Bg4 $146 ({Predecessor:} 11... g5 12. Nxg5 hxg5 13. Bxg5 Qd6 14. Qf3 Ne4 15. Bxe4 dxe4 16. Qxe4 Qg6 17. Qxg6+ fxg6 {0-1 (39) Munguntuul,B (2428)-Munkhgal,G (2446) Ulaanbaatar 2016}) 12. h3 Be6 (12... Bh5 $11) 13. Nbd4 Nc6 14. Nxe6 fxe6 15. Re1 Qd7 16. c3 Nh5 17. Bb1 $2 (17. Bg6 $11 Nf4 18. Bc2) 17... Qf7 $2 ({Black should play} 17... g5 $19 18. Nxg5 hxg5 19. Qxh5 gxh4 20. Rxe6 Rxf2 21. Rg6+ Kf8 22. Qh6+ (22. Qh8+ $2 Kf7 $19) 22... Ke8) 18. Qc2 $1 $14 {[%csl Gb1][%cal Rc2h7]} g5 {[#]} 19. Rxe6 $1 {[%mdl 512] Rg6+ is the strong threat.} Nf4 (19... Qxe6 20. Qh7#) 20. Rxh6 gxh4 21. Rxh4 Bd8 $2 {[%mdl 8192]} (21... Qe7 $16) 22. Rxf4 {Accuracy: White = 52%, Black = 43%.} 1-0

[Event "NOR-ch Youth 2019"]
[Site "Skien"]
[Date "2019.11.08"]
[Round "2.8"]
[White "Hausken, Andreas Skrede"]
[Black "Vitenberg, Noam Aviv"]
[Result "0-1"]
[WhiteElo "1733"]
[BlackElo "2246"]
[Annotator "TA"]
[PlyCount "98"]
[EventDate "2019.11.08"]
[EventType "swiss"]
[EventCountry "NOR"]
[SourceTitle "playchess.com"]
[Source "ChessBase"]
[SourceQuality "1"]

{[%evp 11,98,25,8,10,19,13,9,16,18,0,20,20,45,0,0,-2,0,-11,-12,-23,0,-40,0,-60,-63,-56,-51,-56,-53,-47,-51,-269,-170,-247,-145,-139,-140,-464,-108,-97,-87,-110,0,-20,0,-2,0,0,28,28,12,41,79,100,114,109,83,35,41,-250,-263,-261,-240,-237,-239,-239,0,-270,-268,-266,-277,-270,-270,-393,-392,-385,-384,-456,-397,-426,-391,-391,-369,-29965,-29965,-29966,-6107,-5403,-1511]} 1. e4 c6 2. d4 d5 3. e5 Bf5 4. h4 h5 5. Bd3 Bxd3 6. Qxd3 e6 7. Bg5 {B12: Caro-Kann: Advance Variation} Be7 8. Nf3 Nh6 9. Bxh6 {The position is equal.} (9. Nbd2 Nf5 10. Nf1 Qa5+ 11. c3 Qa6 12. Qd2 Nd7 13. Ng3 Nxg3 14. fxg3 f6 {½-½ (72) Inarkiev,E (2693)-Tomashevsky,E (2705) St Petersburg 2018}) 9... Rxh6 10. Nc3 Nd7 11. Ne2 $146 ({Predecessor:} 11. O-O-O c5 12. dxc5 Nxc5 13. Qe3 Rg6 14. Ng5 Qc7 {1-0 (32) Barski,R (2471)-Haznedaroglu,K (2472) Ordu 2019}) 11... Qc7 12. c4 dxc4 13. Qxc4 Nb6 14. Qb3 Nd5 15. O-O O-O-O 16. Rac1 Kb8 17. Qc4 (17. Nc3 $11) 17... Rg8 $15 18. Nc3 g5 19. hxg5 Bxg5 20. Nxg5 Rxg5 21. Ne4 $2 (21. Qc5 $15 Qd8 22. Nxd5 exd5 23. f4) 21... Rg4 22. Rfe1 (22. Qc5 {keeps fighting.} Rhg6 23. Qf8+ Qc8 24. Qxc8+ Kxc8 25. Nd6+ Kb8 26. g3) 22... Nf4 ({Black should try} 22... Rhg6 $19 23. g3 h4) 23. g3 $17 h4 24. Qc5 $2 {[%mdl 8192]} (24. Rc3 $17 {is tougher.}) 24... Rh8 $2 (24... Qd8 $19 {is more deadly.} 25. Rcd1 hxg3 26. fxg3 Qh8) 25. Rc3 hxg3 26. fxg3 Rg7 ({Better is} 26... Nd5 $1 $17 {[%cal Rd5c3]} 27. Ra3 a6) 27. Rf3 $11 Nd5 {With the idea ...Rgh7.} 28. Ref1 Rgh7 29. Ng5 b6 30. Qa3 Rh1+ 31. Kf2 Rxf1+ 32. Kxf1 c5 33. Rxf7 Ne7 34. dxc5 {Strongly threatening Nf3.} Qd7 {aiming for ...Qd1+.} 35. Qb3 $2 {[%mdl 8192]} (35. Qf3 $14 {keeps the upper hand.}) 35... Qd2 $19 {[%cal Rh8h1]} 36. Nh7 Nd5 {Hoping for ...Ne3+.} 37. Qf3 Qc1+ ({Not} 37... Qxb2 38. Rf8+ Rxf8 39. Nxf8 $11) 38. Kg2 {[#]} Qc2+ $2 ({Inferior is} 38... Qxb2+ 39. Kh3 $11) (38... Rxh7 $1 $19 {[%mdl 512]} 39. Rf8+ {[#]} (39. Rxh7 Qc2+) 39... Kb7 $1 {[%mdl 512]} 40. Rf7+ Kc6 $1 {[%mdl 512]} 41. Rxh7 Qc2+ {[%mdl 64] Double Attack} 42. Qf2 Qxh7 43. cxb6 axb6) 39. Kg1 $2 {[%mdl 8192]} (39. Qf2 $11 Qe4+ 40. Qf3 Qc2+ 41. Qf2 Qe4+ 42. Qf3 Qc2+) 39... Rxh7 ({Stronger than} 39... Qxc5+ 40. Qf2 $15) 40. Rxh7 Qxh7 41. cxb6 axb6 42. Qe2 (42. Kf2 $142) 42... Qb1+ 43. Kg2 Qxa2 44. Qf2 Kb7 45. Qf7+ Nc7 46. Qf3+ Qd5 47. Qxd5+ $2 (47. g4 $19) 47... Nxd5 48. g4 Kc6 (48... Ne7 $142 49. Kg3 Ng6 50. Kf3 Kc6 51. Ke2 Kd5 52. g5 Ke4 53. Kf2 Nxe5 54. Kg3 Ng6 55. b4 e5 56. Kg4 b5 57. Kg3 Kd3 58. Kg4 e4 59. Kf5 Nh4+ 60. Ke6 e3 61. Kf7 e2 62. Ke7 e1=Q+ {[%mdl 64] Double Attack} 63. Kd8 Qxb4 64. Kd7 Qc5 65. Ke6 Qc6+ 66. Ke7 Nf5+ 67. Kd8 Qb7 68. g6 Qe7+ 69. Kc8 Nd6+ 70. Kb8 Qb7#) 49. Kf3 Ne7 {Accuracy: White = 40%, Black = 48%.} (49... Kc5 $142 50. Ke4 Kc4) 0-1

[Event "NOR-ch Youth 2019"]
[Site "Skien"]
[Date "2019.11.08"]
[Round "2.9"]
[White "Melaa, Sondre"]
[Black "Skigelstrand, Live Jorgensen"]
[Result "1-0"]
[WhiteElo "2234"]
[BlackElo "1734"]
[Annotator "TA"]
[PlyCount "115"]
[EventDate "2019.11.08"]
[EventType "swiss"]
[EventCountry "NOR"]
[SourceTitle "playchess.com"]
[Source "ChessBase"]
[SourceQuality "1"]

{[%evp 22,115,39,37,66,58,67,58,144,125,122,118,152,93,163,183,182,171,171,166,212,59,115,112,106,113,131,122,251,240,295,295,295,269,272,279,292,290,279,243,1279,721,823,0,0,0,0,0,0,-94,-63,-143,-127,-148,-89,-135,0,0,1217,1195,29992,29988,29990,260,275,273,277,277,353,357,363,359,359,354,339,321,404,389,443,437,429,425,410,411,709,710,618,522,503,508,528,529,5657,5828,29988,29989]} 1. e4 c5 2. Nf3 Nc6 3. d4 cxd4 4. Nxd4 Nf6 5. Nc3 e5 6. Ndb5 d6 7. Bg5 a6 8. Na3 b5 9. Bxf6 gxf6 10. Nd5 f5 11. Bd3 Be6 12. c3 Bxd5 {B33: Sicilian: Pelikan and Sveshnikov Variations} 13. exd5 Ne7 {[#]} 14. Nxb5 $1 {[%mdl 512] Threatens to win with Qa4.} Nxd5 (14... Bg7 $14) (14... axb5 15. Bxb5+) (14... Bg7 15. Na3 O-O 16. O-O e4 17. Be2 Ng6 18. Qc2 Qg5 19. Nc4 Rad8 20. Kh1 {1-0 (77) Oleksienko,M (2582)-Lenic,L (2657) Slovenia 2018}) 15. Qa4 Ke7 {Hoping for ...Nf4.} 16. Na3 Nf4 17. Bf1 (17. O-O-O $142 $1) 17... Qb8 $146 (17... Rb8 $16) ({Predecessor:} 17... Qb6 18. Nc4 Qb7 19. O-O-O Ke6 20. Na5 {1-0 (37) Sengupta,D (2169)-Zhigalko,S Oropesa del Mar 2000}) 18. O-O-O $1 $18 Bh6 19. Kb1 Qb7 20. Qc2 Rab8 21. Rg1 $2 ({Better is} 21. Nc4 $18 Rhd8 22. Ne3 (22. Qxf5 Ng6 $16)) 21... Rhc8 ({Black should try} 21... d5 $14) 22. g3 $16 Nd5 23. Bc4 Nb6 24. Bb3 $1 e4 (24... Qf3 $16 {was called for.}) 25. g4 $18 a5 26. gxf5 a4 {[#]} 27. f6+ $1 {[%mdl 512]} Kf8 (27... Kxf6 28. Rxd6+) 28. Qe2 $1 {[%cal Re2h5]} axb3 29. Qh5 $1 bxa2+ {[#]} 30. Ka1 $1 {[%mdl 512]} Na4 $2 (30... Bg7 31. Rxg7 (31. fxg7+ Kg8 $11) 31... Nd5) 31. Qxh6+ Ke8 32. Rg8+ $2 (32. b4 $18 Kd7 33. Qxh7) 32... Kd7 $11 {[%csl Ga4,Gb8][%cal Rb7b2]} 33. Qh3+ Kc7 {[%csl Ga4,Gb8][%cal Rb7b2]} 34. Rxc8+ $40 {[%mdl 128] White attacks.} Rxc8 {[%csl Ga4][%cal Rb7b2]} 35. Rd2 (35. b4 $1 $11) 35... Nc5 $17 {Strongly threatening ...Nb3+.} 36. Kxa2 {[#]} (36. Rd1 $1 $15) 36... Qb3+ $1 37. Ka1 Ra8 (37... Rg8 $142 38. Qf1 Nd3) 38. Qg3 Qe6 (38... Nd3 $17 {( -> ...Rxa3+)} 39. Rxd3 exd3 40. Qxd3 Rg8) 39. Kb1 $11 {And now Rxd6! would win.} Qxf6 $2 {[%mdl 8192] [#]} (39... Rxa3 $11 40. bxa3 Qb3+ 41. Rb2 Qd1+ 42. Ka2 Qd5+ 43. c4 Qxc4+ 44. Kb1 Qf1+ 45. Ka2 Qc4+ 46. Kb1 Qf1+ 47. Ka2 Qc4+) 40. Rxd6 $1 $18 {[%mdl 512]} Qf3 (40... Qxd6 41. Nb5+) 41. Nb5+ Kb7 42. Qxf3 $2 (42. Qe5 {mates} Qh1+ 43. Kc2 Qc1+ {[%mdl 64] Decoy} 44. Kxc1 Ra1+ 45. Kc2 Rc1+ {[%mdl 64] Decoy} 46. Kxc1 Nd3+ {[#]} 47. Rxd3 $1 {[%mdl 512]}) 42... exf3 {[%mdl 4096] Endgame KRN-KRN} 43. Rf6 Ne4 44. Rxf7+ Kc6 45. Nd4+ Kd5 46. Kc2 ({But not} 46. Rxh7 Nxf2 47. Nxf3 Rf8 $18) 46... Nxf2 47. Rxf3 Ng4 48. Rh3 h6 49. Rh4 Ne3+ 50. Kd3 Nd1 51. Rh5+ Kd6 52. Rxh6+ Ke5 (52... Kc7 $142 53. b4 Nf2+ 54. Kc2 Ng4) 53. Re6+ Kf4 54. b4 Rc8 55. Rc6 Rd8 56. Kd2 Nb2 57. Kc2 {Intending Ne6+ and mate.} Na4 58. Ne6+ {[%mdl 64] Double Attack. Accuracy: White = 76%, Black = 26%.} 1-0

[Event "NOR-ch Youth 2019"]
[Site "Skien"]
[Date "2019.11.08"]
[Round "2.10"]
[White "Abdrlauf, Elham"]
[Black "Hestholm, Gustav"]
[Result "1-0"]
[WhiteElo "2244"]
[BlackElo "1623"]
[Annotator "TA"]
[PlyCount "111"]
[EventDate "2019.11.08"]
[EventType "swiss"]
[EventCountry "NOR"]
[SourceTitle "playchess.com"]
[Source "ChessBase"]
[SourceQuality "1"]

{[%evp 14,110,22,0,42,14,63,58,86,87,83,68,79,64,83,30,35,26,66,72,79,41,82,68,91,97,105,100,120,120,115,126,125,120,120,129,119,116,114,71,103,114,109,58,133,106,116,89,261,239,256,206,203,137,304,290,375,352,385,387,422,418,450,445,443,432,428,285,572,550,530,475,745,737,849,836,768,739,1014,918,29976,29977,29977,29978,29978,29979,29980,29981,29982,29983,29987,29988,29991,29992,29992,29993,29993,29993,29999]} 1. e4 c5 2. Nf3 Nc6 3. d4 cxd4 4. Nxd4 g6 5. Nc3 Bg7 6. Be3 Nf6 7. Bc4 O-O 8. Bb3 Re8 {B35: Sicilian: Accelerated Dragon with 5 Nc3: main line} 9. f3 d6 (9... d5 10. exd5 Nb4 11. Nde2 e6 12. d6 Nbd5 13. Bd4 Qxd6 14. Bxd5 exd5 15. Qd2 b5 16. Nxb5 {½-½ (26) Caruana,F (2819)-Dubov,D (2700) Paris 2019}) 10. Qd2 e6 {White is slightly better.} 11. O-O-O d5 12. exd5 $146 ({Predecessor:} 12. Bg5 Nxd4 13. Qxd4 h6 14. Bxf6 Bxf6 15. e5 Bg7 16. h4 a6 17. f4 Bd7 {1-0 (30) Loaisiga,O (1802)-Gutierrez,O (1993) Managua 2017}) 12... Nxd5 13. Nxd5 exd5 14. Rhe1 (14. h4 $16) 14... Be6 $11 15. Kb1 Qf6 16. c3 {Bg5 is the strong threat.} Qd8 17. Nc2 {[%cal Rb3d5]} d4 18. Nxd4 Nxd4 19. Bxd4 ({Much worse is} 19. cxd4 $6 Bxb3 20. axb3 Qd5 $11) 19... Bxb3 20. axb3 Qh4 21. g3 Qh5 22. g4 Qb5 23. Bxg7 Kxg7 24. Qd4+ Kg8 25. Qc4 $36 {[%mdl 2048] Keeping Black busy.} Qb6 26. b4 Qf6 27. Qd5 b6 28. Qb7 (28. Rxe8+ $16 Rxe8 29. Rd4) 28... Reb8 (28... Kg7 $14) 29. Qe4 a5 30. f4 a4 $2 {[#]} (30... Qh4 $16) 31. g5 $18 Qg7 32. Qe5 Qf8 33. Rd7 a3 $2 (33... Re8 $16 {is a better defense.} 34. Re7 Rxe7 35. Qxe7 Qc8) 34. Qf6 Re8 35. Ree7 {[%cal Re7f7]} Rxe7 36. Qxe7 ({Not} 36. Rxe7 b5 $18) 36... axb2 37. Kxb2 Re8 38. Qxf8+ Kxf8 {[%mdl 4096] Endgame KR-KR} 39. Rd6 b5 40. Rd5 Re4 $2 {[#]} (40... Rb8 41. Kb3 Ke7) 41. Rxb5 Rxf4 42. Rc5 Ke7 (42... f5 $142 43. gxf6 h6 44. Rc8+ Kf7) 43. b5 Kd6 44. Rc6+ Kd7 45. Rf6 Rg4 46. Rxf7+ Kc8 47. Rxh7 {White mates.} Rxg5 48. c4 Rf5 49. Kb3 g5 50. Kb4 Kb8 51. c5 Re5 52. c6 Re1 53. b6 Rb1+ 54. Kc5 {[%cal Rh7h8]} Rc1+ 55. Kd5 {[%cal Rh7h8]} Rb1 56. Rh8# {Accuracy: White = 66%, Black = 23%.} 1-0

[Event "NOR-ch Youth 2019"]
[Site "Skien"]
[Date "2019.11.08"]
[Round "2.11"]
[White "Beitnes, Andreas Roberg"]
[Black "Shehzad, Shazil"]
[Result "0-1"]
[WhiteElo "1621"]
[BlackElo "2173"]
[Annotator "TA"]
[PlyCount "72"]
[EventDate "2019.11.08"]
[EventType "swiss"]
[EventCountry "NOR"]
[SourceTitle "playchess.com"]
[Source "ChessBase"]
[SourceQuality "1"]

{[%evp 12,83,9,0,1,0,9,-21,-14,-12,24,27,54,7,35,33,36,-18,-15,-16,-18,-20,-17,-60,-39,-37,-47,-47,-50,-32,-37,-91,-101,-66,-84,-148,-141,-149,-96,-179,-180,-294,-298,-477,-489,-528,-247,-309,-230,-868,-859,-837,-870,-1092,-1042,-1167,-1167,-1190,-1166,-1152,-1229,-29989,-29979,-29980,-29981,-29981,-29982,-29982,-29983,-29983,-29984,-29982,-29980,-29986]} 1. e4 c5 2. Nf3 d6 3. d4 cxd4 4. Qxd4 Nc6 5. Bb5 Bd7 6. Bxc6 Bxc6 7. Nc3 e6 {B53: Sicilian: 2...d6: Lines with Qxd4} 8. Be3 (8. Bg5 Nf6 9. O-O-O Be7 10. Rhe1 O-O 11. Kb1 h6 12. Bh4 Re8 13. Qd3 Rc8 14. h3 d5 15. Bxf6 Bxf6 16. e5 Be7 17. Nd4 Qb6 18. Ka1 Bd7 19. Re3 Rc4 20. Nce2 {0-1 (35) Guseinov,G (2646)-Volokitin,A (2628) Riadh 2017}) 8... Qc7 9. O-O $146 ({Predecessor:} 9. O-O-O Nf6 10. Qd3 a6 11. Nd4 Be7 12. f3 O-O-O 13. Nxc6 Qxc6 {½-½ (43) Gaj,M (1272)-Bienko,J (1384) Suchedniow 2016}) 9... Nf6 {The position is equal.} 10. Rad1 e5 11. Qd3 h6 12. h3 a6 13. Nd2 b5 14. a3 (14. Nd5 $14 Bxd5 15. exd5) 14... Qb7 $11 15. f4 Be7 16. fxe5 dxe5 17. Nf3 Rd8 18. Qe2 Rxd1 19. Rxd1 Qc7 20. Bf2 O-O 21. Nd5 ({White should play} 21. Nh4 $15) 21... Bxd5 $1 $17 22. exd5 Bd6 23. Bg3 ({White should try} 23. Nh2) 23... Re8 24. Bh4 {White wants to play Bxf6.} Nd7 ({Better is} 24... Nh5 25. Qe4 Qc8) 25. Rd3 (25. Bf2 $17) 25... Nb6 26. Rc3 (26. Bf2 {was called for.}) 26... Qd7 $19 27. Qd1 $2 (27. Qf2 Nxd5 28. Rd3) 27... e4 28. Ne1 {[#]} e3 (28... Nxd5 $142 $1 {[%mdl 512]} 29. Rg3 {[#]} (29. Qxd5 Bh2+) 29... Ne3 $1 {[%mdl 512]}) 29. Qf3 Na4 30. Nd3 $2 (30. Rc6 Nxb2 31. Rxa6) 30... Nxc3 31. bxc3 e2 32. Qf2 Qc7 {And now ...g5 would win.} 33. Qe1 Bxa3 34. Bg3 Qd7 35. Be5 Qxd5 36. Qg3 {[#]} Rxe5 {Played: Qd5xe5} 0-1